000 00670nam a2200241 i 4500
001 C2-0317035
003 PPAK
005 20180728113221.0
008 120815s2010 my a|||| ||||| | may d
020 _a9789675137518
040 _aPPAK
_beng
_cPPAK
_erda
082 0 4 _a297.57
_223
090 0 0 _a297.57
_bROH
_dK
100 0 _aRohayati Bakri,
_eauthor
245 1 0 _a101 akhlak Rasulullah
264 1 _aBatu Caves, Selangor :
_bPTS Millennia ,
_c2010
300 _a225 pages :
_billustrations ;
_c25 cm
336 _2rdacontent
_atext
337 _2rdamedia
_aunmediated
338 _2rdacarrier
_avolume
650 1 0 _aMuslims - Conduct of life
942 _ddc
_cB
999 _c118134
_d118134